Nová cirkevná materská škôlka

Bibliographic Details
Main Author: M.T (Author)
Format: Article
Language:Slovak
PhysicalDescription:Fotogr.
ISSN:1335-7492
Subjects:

MARC

LEADER 00000nab a2200000 a 4500
001 vtls001494215
003 SK-MaSNL
005 20260304013500.0
008 140417c2004 xo er p 000 00slo
015 |a SVKPORB2005/02 
040 |a SVKPOCL  |b slo  |c SVKPO  |e AACR2 
041 0 |a slo 
044 |a xo  |c SK 
080 |a 257  |2 1997 
080 |a 373.24  |2 1997 
100 0 |a M.T.  |4 aut  |9 5068 
245 1 0 |a Nová cirkevná materská škôlka  |c [autor] M.T. 
300 |b Fotogr. 
610 2 7 |a Cirkevná škola blahoslaveného biskupa Vasiľa Hopka (Michalovce, Slovensko)  |2 svkpocl  |9 1294530 
650 0 7 |a cirkevné materské školy  |x zriaďovanie  |2 svkpocl  |9 1294531 
651 7 |a Michalovce (Slovensko)  |2 svkpocl  |9 22487 
651 7 |a Topoľany (Michalovce, Slovensko)  |2 svkpocl  |9 71082 
773 0 |t Slovo : časopis gréckokatolíckej cirkvi  |g Roč. XXXVI, č. 21-22 (2004), s. 6  |x 1335-7492 
852 |a SVKPO  |b KIS3GCP 
958 |a NT 
958 |a SK 
999 |c 2575986  |d 2577916